Esportazione completata correttamente — 

The life of Andrew Jackson, complete in one volume : Part one: The border captain. Part two: Portrait of a president

Salvato in:
Dettagli Bibliografici
Autore principale: James, Marquis
Natura: Libro
Lingua:Undetermined
Pubblicazione: New York The Bobbs-Merrill company 1938
Tags: Aggiungi Tag
Nessun Tag, puoi essere il primo ad aggiungerne! !
Thư viện lưu trữ: Trung tâm Học liệu Trường Đại học Cần Thơ
LEADER 00546nam a2200181Ia 4500
001 CTU_77643
008 210402s9999 xx 000 0 und d
082 |a 973.5 
082 |b J28 
100 |a James, Marquis 
245 4 |a The life of Andrew Jackson, complete in one volume : 
245 0 |b Part one: The border captain. Part two: Portrait of a president 
245 0 |c Marquis James 
260 |a New York 
260 |b The Bobbs-Merrill company 
260 |c 1938 
904 |i Năm 
980 |a Trung tâm Học liệu Trường Đại học Cần Thơ